ZIELONA PRZYPRAWA: - Statystyki

Ogólne statystyki
  • Ten quiz został rozwiązany 37 razy
  • Średni wynik to 3 z 6
Statystyki odpowiedzi
Odpowiedź % Poprawnych
BAZYLIA
86%
OREGANO
79%
MAJERANEK
54%
KOPEREK
50%
LIŚĆ LAUROWY
50%
NATKA PIETRUSZKI
14%
Nie znaleziono quizów pasujących do podanych kryteriów
Rozkład punktacji
Procent ludzi z każdym wynikiem
Percentyl według liczby udzielonych odpowiedzi
Twoja historia wyników
Nie rozwiązałeś tego quizu